• 首页
  • 本馆介绍
  • 公告通知
  • 最新文献
  • 馆藏检索
  • 电子资源
  • 读者导购
  • 参考咨询
  • 我的图书馆
  • 登录
  • 详细信息显示
  • 放入我的书架
  • 预约/预借图书
  • 作者相关作品
  • 分类相关作品
  • 丛书相关作品
  • 出版社相关作品

书目信息

  • 表格格式
  • 工作单格式
  • 卡片格式
题名:
无言的温柔
    
 
作者: 斯琴毕利格 编
分册:  
出版信息: 石家庄   河北教育出版社  1991.3
页数: 187页
开本: 20cm
丛书名:
单 册:
中图分类: J652.1
科图分类:
主题词: 群众歌曲--世界
电子资源:
ISBN: 7-5434-0899-6
000 00633nam0 2200205 45
001 0312221749
005 20050422101341.8
010    @a7-5434-0899-6@dCNY2.15
100    @a20031222d1991 km y0chiy0120 ea
101    @achi
105    @a z 000yy
200 1  @a无言的温柔@AWu Yan De Wen Rou@e通俗歌曲108首@ETong Su Ge Qu 108 Shou@f斯琴毕利格编@FSi Qin Bi Li Ge Bian
210    @a石家庄@c河北教育出版社@d1991.3
215    @a187页@d20cm
517    @a通俗歌曲108首@ATong Su Ge Qu 108 Shou
606 0  @a群众歌曲@x世界
690    @aJ652.1@v3
701 0  @a斯琴毕利格@4编
801    @aCN@bTSTCL@c20031222
905    @dJ652.1@e196@f1@b248378
    
    无言的温柔:通俗歌曲108首/斯琴毕利格编.-石家庄:河北教育出版社,1991.3
    187页;20cm
    
    
    ISBN 7-5434-0899-6:CNY2.15
    
●
相关链接 在E读中查询图书 在五车中查询图书 在当当中查询图书 在豆瓣中查询图书


正题名:无言的温柔     索取号:J652.1/196         预约/预借

序号 登录号 条形码 馆藏地/架位号 状态 备注
1 0248375   001227158   第一借阅区/ [索取号:J652.1/196] 在馆    
2 0248376   001227121   第一借阅区/ [索取号:J652.1/196] 在馆    
3 0248377   001227130   第一借阅区/ [索取号:J652.1/196] 在馆    
4 0248378   002001675   第一借阅区/ [索取号:J652.1/196] 在馆    
5 0248379   001227149   第一样本阅览室/ [索取号:J652.1/196] 在馆    
唐山师范学院图书馆 欢迎您!
大连网信软件有限公司© 版权所有